000 00353nam a22001697a 4500
003 UA-OsUOA
001 4978
007 ta
008 20050721b un ||||| |||| 00| 0 ukr d
100 _aHorngren
700 _aCharles T.
942 _cBK
040 _aUA-OsUOA
_cUA-OsUOA
_dUA-OsUOA
245 _aAccounting.
_bEconomics
955 _a2
650 7 _2UDC
999 _c291140
_d291140